Statistiques concernant 20 meilleurs joueurs de tennis espagnols actuels

Cliquez ici pour prendre le quiz!

Statistiques générales

  • Ce quiz a été pris 239 fois
    (205 depuis la dernière actualisation)
  • Le résultat moyen est 6 sur 20

Statistiques - réponses

NuméroClassementJoueurs% Correct
15Nadal
99%
431Alcaraz
94%
321Carreno Busta
88%
218Bautista Agut
84%
650Davidovich Fokina
54%
544Ramos Vinolas
48%
12109Lopez
35%
975Carballès Baena
30%
871Munar
30%
14170Verdasco
25%
13125Zapata Mirallès
19%
1083Andujar
13%
19319Granollers
11%
11108Taberner
7%
18315Alvarez Varona
5%
20323Gimeno Valero
4%
16299Barranco Cosano
1%
761Martinez Porto
1%
17306Sanchez Izquierdo
1%
15174Villela Martinez
1%

Distribution des résultats

Percentile par nombre de réponses

% des personnes avec chaque résultat

Votre développement - résultats

Vous n’avez pas pris ce quiz depuis la dernière actualisation